The Chemical Bond : Fundamental Aspects of Chemical Bonding /

Salvato in:
Dettagli Bibliografici
Altri autori: Frenking, Gernot (Redattore), Shaik, Sason (Redattore)
Natura: Libro
Lingua:inglese
Pubblicazione: Weinheim : Wiley, 2014
Edizione:1st ed.
Soggetti:
Tags: Aggiungi Tag
Nessun Tag, puoi essere il primo ad aggiungerne!!

MARC

LEADER 00000nam a22000003a 4500
001 stu301530
005 20150617230325.3
008 141126s2014----gw------------------eng-d
020 |a 978-3-527-33314-1 
020 |a 978-3-527-33318-9 (set) 
040 |a STU  |b slo 
041 0 |a eng 
044 |a gw 
100 1 |a Frenking, Gernot  |4 edt 
245 1 |a The Chemical Bond :  |b Fundamental Aspects of Chemical Bonding /  |c ed. Gernot Frenking ; ed. Sason Shaik 
250 |a 1st ed. 
260 |a Weinheim :  |b Wiley,  |c 2014 
300 |a 411 p. 
650 7 |a chemické väzby  |2 stusub 
700 1 |a Shaik, Sason  |4 edt 
996 |b 284M086253  |c M*13738/1-1  |l MMKN  |s A  |a 24  |w stu301530_0001